000 00919nam a2200241 a 4500
001 54839
003 BD-RjUL
005 20211209080157.0
008 161112s1978 bg ||||| |||| 00| 0 ben d
020 _c: Tk. 17.00
035 _a(BD-RjUL)54961
040 _aBD-RjUL
_bben
_cBD-RjUL
041 _aben
082 _223
_a630.95492
_bALB 1978
100 _aআলম, জাহাঙ্গীর
_9163489
245 1 0 _aবাংলাদেশের কৃ্ষি খাদ্যসমস্যা ও সমাধান /
_cজাহাঙ্গীর আলম
260 _aঢাকা :
_bবাংলা একাডেমী,
_c১৯৭৮
300 _a[৮], ২০০ পৃ. ;
_c২২ সেমি.
504 _aগ্রন্থপঞ্জি সংযুক্ত
650 _aকৃ্ষি
_zবাংলাদেশ
_9163490
650 _aAgriculture
_zBangladesh
_9163491
942 _2ddc
_cBK
999 _c54839
_d54839